00369nam a2200109Ia 4500008004100000082001800041100002300059245002900082260004000111630001800151650009000169211109s9999||||xx |||||||||||||| ||und|| a944.05bROS-L aRose, John Holland 0aLife Of Napoleon I Vol I bNational Book StallaKottayamc1901 xGeneral Stack aNapoleon I, Emperor of the French, 1769-1823vfranceeuropeeuropean historyxGeneralia